000 00299nam a22001217a 4500
003 SGT
082 _a891.4309
_bV96G
100 _aगौतम
245 _a विनोभा साहित्य
260 _bपरंधाम प्रकाशन
_c1996
300 _a520
942 _2ddc
_cBK
999 _c31232
_d31232